000
00271nam a2200109Ia 4500
008
230907s9999||||xx |||||||||||||| ||und||
082
_a
370.152
_b
FER
100
_a
Ferrett, Sharon K.
_9
115616
245
0
_a
Peak performance :
300
_a
xxxiv, 491 pages ;
942
_c
BK
999
_c
598962
_d
598962